Catálogo de la Biblioteca Horacio González - Universidad Nacional de General Sarmiento

El nido vacio (Registro nro. 54947)

Detalles MARC
000 -CABECERA
campo de control de longitud fija 01304ngm a22003250a 4500
001 - NÚMERO DE CONTROL
campo de control PT36194
003 - IDENTIFICADOR DEL NÚMERO DE CONTROL
campo de control AR-LpoUNG
005 - FECHA Y HORA DE LA ÚLTIMA TRANSACCIÓN
campo de control 20210202000502.0
007 - CAMPO FIJO DE DESCRIPCIÓN FÍSICA--INFORMACIÓN GENERAL
campo de control de longitud fija vd cvaizq
008 - DATOS DE LONGITUD FIJA--INFORMACIÓN GENERAL
campo de control de longitud fija 191001s2008||||ag |||||||||||||||||spa d
037 ## - FUENTE DE ADQUISICIÓN
Condiciones de disponibilidad $7.05
040 ## - FUENTE DE LA CATALOGACIÓN
Centro catalogador/agencia de origen AR-LpoUNG
Lengua de catalogación spa
Centro/agencia transcriptor AR-LpoUNG
Normas de descripción aacr
041 ## - CÓDIGO DE LENGUA
Código de lengua del texto/banda sonora o título independiente spa
044 ## - CÓDIGO DEL PAÍS DE LA ENTIDAD EDITORA/PRODUCTORA
Código MARC del país ag
082 0# - NÚMERO DE LA CLASIFICACIÓN DECIMAL DEWEY
Número de clasificación 306.89 945nid
100 1# - ENTRADA PRINCIPAL--NOMBRE DE PERSONA
Nombre de persona Burman, Daniel
Término indicativo de función/relación dir.
245 13 - MENCIÓN DE TÍTULO
Título El nido vacio
260 ## - PUBLICACIÓN, DISTRIBUCIÓN, ETC.
Lugar de publicación, distribución, etc. Buenos Aires :
Nombre del editor, distribuidor, etc. SBP,
Fecha de publicación, distribución, etc. 2008.
300 ## - DESCRIPCIÓN FÍSICA
Extensión DVD : son., col.
505 0# - NOTA DE CONTENIDO CON FORMATO
Nota de contenido con formato Elenco: Oscar Martínez (Leonardo Vindel), Cecilia Roth (Marta Vindel), Arturo Goetz (Dr. Sprivak), Inés Efrón (Julia Vindel), Eugenia Capizzano (Dra. Alterini), Osmar Núñez (Psicólogo Grupal), Carlos Bermejo (Raúl), Ron Richter (Ianib Richter)
520 ## - SUMARIO, ETC.
Sumario, etc. El Nido Vacio, una comedia que retrata con humor la recontrucción de un matrimonio, entre un exitoso escritor y una mujer estudiante e hiperactiva, una vez que sus hijos emprenden su propio camino fuera de su hogar. El redescubrimiento de sentimientos, las diferentes miradas y los avatares de un matrimonio que vuelve a convivir solo de a dos.
650 #4 - PUNTO DE ACCESO ADICIONAL DE MATERIA--TÉRMINO DE MATERIA
Término de materia o nombre geográfico como elemento de entrada DRAMA
651 #4 - PUNTO DE ACCESO ADICIONAL DE MATERIA--NOMBRE GEOGRÁFICO
Nombre geográfico Argentina
653 ## - TÉRMINO DE INDIZACIÓN--NO CONTROLADO
Término no controlado CINE ARGENTINO
653 ## - TÉRMINO DE INDIZACIÓN--NO CONTROLADO
Término no controlado COMEDIA
653 ## - TÉRMINO DE INDIZACIÓN--NO CONTROLADO
Término no controlado DVD
653 ## - TÉRMINO DE INDIZACIÓN--NO CONTROLADO
Término no controlado VIDEOS
905 ## - ELEMENTOS DE DATOS E LOCAL, LDE (RLIN)
a 36194
942 ## - ELEMENTOS DE PUNTO DE ACCESO ADICIONAL (KOHA)
Tipo de ítem Koha DVD
Existencias
Estado de retiro Estado de pérdida Estado dañado No para préstamo Código de colección Localización permanente Ubicación/localización actual Fecha de adquisición Total de préstamos Signatura topográfica completa Código de barras Fecha visto por última vez Precio válido a partir de Tipo de ítem Koha
        Colección Cine Biblioteca Universidad Nacional de General Sarmiento Biblioteca Universidad Nacional de General Sarmiento 02/02/2021   306.89 945nid 00043220 02/02/2021 02/02/2021 DVD
        Colección Cine Biblioteca Universidad Nacional de General Sarmiento Biblioteca Universidad Nacional de General Sarmiento 02/02/2021   306.89 945nid 00043858 02/02/2021 02/02/2021 DVD
        Colección Cine Biblioteca Universidad Nacional de General Sarmiento Biblioteca Universidad Nacional de General Sarmiento 02/02/2021   306.89 945nid 00043889 02/02/2021 02/02/2021 DVD